|
|
|
|
| LEADER |
00000nab a2200000 i 4500 |
| 001 |
publ195 |
| 005 |
20170611193330.0 |
| 008 |
170403s2005 hu o 000 zxx d |
| 022 |
|
|
|a 1587-5881
|
| 040 |
|
|
|a BGE Publikációtár Repozitórium
|b hun
|
| 100 |
1 |
|
|a Lovasné Avató Judit
|
| 245 |
1 |
2 |
|a A kulturális tőke mérése statisztikai módszerekkel
|c Lovasné Avató Judit
|h [elektronikus dokumentum]
|
| 260 |
|
|
|a Budapesti Gazdasági Főiskola Külkereskedelmi Kar
|c 2005
|
| 300 |
|
|
|a 26-41
|
| 490 |
0 |
|
|a Szakmai Füzetek 15
|v No. 15.
|
| 650 |
|
4 |
|a matematika- és számítástudományok
|
| 650 |
|
4 |
|a szociológiai tudományok
|
| 695 |
|
|
|a Társadalmi tőke
|
| 695 |
|
|
|a Kapitalista ország
|
| 856 |
4 |
0 |
|u https://publikaciotar.uni-bge.hu/id/eprint/195/1/lovasne_a%20kulturalis%20toke%20merese.pdf
|z Dokumentum-elérés
|